000 00632nam a2200217 i 4500
001 64856
003 ES-MaACL
005 20250813062714.0
007 t|
008 040107s1982 sp ||||1| spa d
100 1 _aForster, E. M.
_951821
245 1 3 _aUn viaje a la India /
_cE.M. Forster ; [traducción, José Luis López Muñoz].
250 _a[2ª ed.].
260 _a[Madrid] :
_bAlianza,
_c[1982]
300 _a407 p. ;
_c20 cm.
490 1 _aAlianza tres ;
_v68
700 1 _aLópez Muñoz, José Luis.
_973816
830 0 0 _aAlianza tres
_v68
_9177344
852 _aES-MaACL
_jL-3500
_bR.104171
999 _c64856
_d64856